Central Library OPAC University of Rajshahi

Level separation on intuitionistic fuzzy topological spaces / (Record no. 82301)

MARC details
000 -LEADER
fixed length control field 00985nam a22002537a 4500
001 - CONTROL NUMBER
RUCL Control Number 82301
003 - CONTROL NUMBER IDENTIFIER
rucl marc code BD-RjUL
005 - DATE AND TIME OF LATEST TRANSACTION
control field 20231207105133.0
008 - FIXED-LENGTH DATA ELEMENTS--GENERAL INFORMATION
fixed length control field 231115s2019 bg a|||| m||| 00| 0 eng d
035 ## - SYSTEM CONTROL NUMBER
system control number (BD-RjUL)82301
040 ## - CATALOGING SOURCE
Original cataloging agency BD-RjUL
Language of cataloging eng
Transcribing agency BD-RjUL
Modifying agency BD-RjUL
041 ## - LANGUAGE CODE
Language code of Book eng
082 ## - DEWEY DECIMAL CLASSIFICATION NUMBER
DDC Edition number 23
Classification number 514.3
Author mark and Year ISL 2019
100 ## - MAIN ENTRY--PERSONAL NAME
Personal name Islam, Md. Saiful
245 10 - TITLE STATEMENT
Title Level separation on intuitionistic fuzzy topological spaces /
Statement of responsibility, etc Submitted By Md. Saiful Islam ;
Name of Supervisor/Co-Supervisor Supervisor : Md. Sahadat Hossain, Co-Supervisor : Md. Asaduzzaman
260 ## - PUBLICATION, DISTRIBUTION, ETC. (IMPRINT)
Place of publication, distribution, etc Rajshahi :
Name of publisher, distributor, etc Department of Mathematics, University of Rajshahi,
Date of publication, distribution, etc 2019
300 ## - PHYSICAL DESCRIPTION
Pagination xiv, 146 leaves :
Other physical details ill, ;
Dimensions 29.cm.
502 ## - DISSERTATION NOTE
Dissertation note Thesis (Ph. D.) -- Department of Mathematics, University of Rajshahi, 2019
504 ## - BIBLIOGRAPHY, ETC. NOTE
Bibliography, etc Bibliography : Leaves 129 - 146
650 ## - SUBJECT ADDED ENTRY--TOPICAL TERM
Topical term or geographic name as entry element Topological spaces
Form subdivision Topology
9 (RLIN) 10075
700 ## - ADDED ENTRY--SUPERVISOR/CO-SUPERVISOR NAME
Personal name Hossain, Md. Sahadat, Supervisor
9 (RLIN) 3674
Personal name Asaduzzaman, Md. Co-Supervisor
9 (RLIN) 10076
942 ## - ADDED ENTRY ELEMENTS (KOHA)
Source of classification or shelving scheme Dewey Decimal Classification
Koha item type Theses
Holdings
Source of classification or shelving scheme Damaged status Not for loan Collection code Permanent Location Current Location Shelving location Date of accession Source of acquisition Total Checkouts Full call number Barcode Date last seen Copy number Thesis
Dewey Decimal Classification   Not For Loan Theses Central Library, University of Rajshahi Central Library, University of Rajshahi Documentation Section 20/12/2020 Controller of Exam. R.U.   THE 514.3 ISL 2019 D4388 15/11/2023 C-1 Theses